Imports and exports of merchandise into and from the United States by countries and principal articles during the years ending June 30, 1908-1912. (Record no. 14711)
[ view plain ]
| 000 -LEADER | |
|---|---|
| fixed length control field | 00881cam a22002174 4500 |
| 001 - CONTROL NUMBER | |
| control field | ca 13000896 |
| 003 - CONTROL NUMBER IDENTIFIER | |
| control field | DLC |
| 005 - DATE AND TIME OF LATEST TRANSACTION | |
| control field | 20260227111058.0 |
| 008 - FIXED-LENGTH DATA ELEMENTS--GENERAL INFORMATION | |
| fixed length control field | 821020s1913 dcua 000 0 eng |
| 010 ## - LIBRARY OF CONGRESS CONTROL NUMBER | |
| LC control number | ca 13000896 |
| 040 ## - CATALOGING SOURCE | |
| Original cataloging agency | DLC |
| Transcribing agency | CarP |
| Modifying agency | DLC |
| 043 ## - GEOGRAPHIC AREA CODE | |
| Geographic area code | n-us--- |
| 050 00 - LIBRARY OF CONGRESS CALL NUMBER | |
| Classification number | HF3001 |
| Item number | .A45 1912 |
| 110 1# - MAIN ENTRY--CORPORATE NAME | |
| Corporate name or jurisdiction name as entry element | United States. |
| Subordinate unit | Bureau of foreign and domestic commerce (Department of commerce and labor) [from old catalog] |
| 245 10 - TITLE STATEMENT | |
| Title | Imports and exports of merchandise into and from the United States by countries and principal articles during the years ending June 30, 1908-1912. |
| 260 ## - PUBLICATION, DISTRIBUTION, ETC. | |
| Place of publication, distribution, etc. | Washington : |
| Name of publisher, distributor, etc. | Govt. print. off., |
| Date of publication, distribution, etc. | 1913. |
| 300 ## - PHYSICAL DESCRIPTION | |
| Extent | p. 1121-1228 : |
| Other physical details | incl. tables ; |
| Dimensions | 30 cm. |
| 530 ## - ADDITIONAL PHYSICAL FORM AVAILABLE NOTE | |
| Additional physical form available note | Also available in digital form on the Internet Archive Web site. |
| 651 #0 - SUBJECT ADDED ENTRY--GEOGRAPHIC NAME | |
| Geographic name | United States |
| General subdivision | Commerce. |
| 856 41 - ELECTRONIC LOCATION AND ACCESS | |
| Uniform Resource Identifier | <a href="http://hdl.loc.gov/loc.gdc/scd0001.00297650282">http://hdl.loc.gov/loc.gdc/scd0001.00297650282</a> |
No items available.